Normal view
MARC view
- Moure, Gonzalo,
Entry Nombre Personal
001 - NUMERO DE CONTROL
- campo de control: 33037
003 - IDENTIFICADOR DE NUMERO DE CONTROL
- campo de control: UPN
005 - FECHA Y HORA DE LA ÜLTIMA TRANSACCIÓN
- campo de control: 20220908111059.0
008 - DATOS DE LONGITUD FIJA
- campo de control de longitud fija: 220908nn acannaabn n aaa d
035 ## - NUMERO DE CONTROL
- Número de control: UPN11000005144
040 ## - FUENTE DE CATALOGACIÓN
- Lenguaje de catalogación: SPA
- Agencia de transcripción: UPN
- Agencia original de catalogación: UPN
053 #4 - NÚMERO DE CLASIFICACIÓN LC
- Número de clasificación elemento-número único o número inicial de tramo: PQ6663 O9
100 1# - ENCABEZAMIENTO - NOMBRE PERSONAL
- Nombre personal: Moure, Gonzalo,
- Fechas asociadas con el nombre: 1951-
400 ## - VEÁSE - NOMBRE DE PERSONA
- Código de relación: Moure Trenor, Gonzalo,
- Institution to which field applies: 1951-
670 ## - FUENTE EN LA QUE SE LOCALIZARON DATOS
- Cita de la fuente: LC
680 ## - NOTA PUBLICA DE ACCESO PÚBLICO
- Frase explicativa de la referencia: Escritor español dedicado con preferencia a la literatura juvenil
902 ## - CATALOGADOR
- Catalogador: BDV/220113
